Riziká a rizikové faktory v doprave

Podmienky podnikania v doprave na Slovensku. Stanovenie predpokladov k odhadu závažnosti a hodnoteniu rizík. Identifikácia a vymedzenie hlavných rizikových faktorov v doprave. Analýza rizík.

Enregistré dans:
Détails bibliographiques
Auteur principal: Kozubíková, Zuzana
Format: Chapitre de livre
Langue:slovaque
Sujets:
Tags: Ajouter un tag
Pas de tags, Soyez le premier à ajouter un tag!

MARC

LEADER 00000naa$a2200000$$$4500
001 0111613
005 20231113113755.3
041 0 |a slo 
044 |a SK 
245 1 0 |a Riziká a rizikové faktory v doprave  |c Zuzana Kozubíková 
520 |a Podmienky podnikania v doprave na Slovensku. Stanovenie predpokladov k odhadu závažnosti a hodnoteniu rizík. Identifikácia a vymedzenie hlavných rizikových faktorov v doprave. Analýza rizík. 
610 2 0 |a riziko bezpečnostné 
610 2 0 |a podnikanie 
610 2 0 |a doprava 
610 2 0 |a manažment krízový 
610 2 0 |a technológie informačné 
610 2 0 |a Slovensko 
610 2 0 |a systémy informačné 
100 1 |a Kozubíková, Zuzana